[Event "Croatia int."]
[Site "Mississauga CAN"]
[Date "1989.??.??"]
[Round "7"]
[White "Norwood, David"]
[Black "Hulak, Krunoslav"]
[Result "1-0"]
[WhiteElo "2430"]
[BlackElo "2515"]
[PlyCount "89"]
[GameId "2160767912519714"]
[EventDate "1989.03.??"]
[EventType "tourn"]
[EventRounds "11"]
[EventCountry "CAN"]
[EventCategory "8"]
[SourceTitle "EXT 89"]

1. d4 Nf6 2. Nf3 c5 3. d5 e6 4. c4 exd5 5. cxd5 d6 6. Nc3 g6 7. g3 Bg7 8. Bg2 O-O 9. O-O Re8 10. a4 Na6 11. Nd2 Nb4 12. Nc4 b6 13. Bf4 Bf8 14. Qd2 Ba6 15. b3 Bxc4 16. bxc4 Bg7 17. h3 Nh5 18. Bh6 Bxh6 19. Qxh6 f5 20. Bf3 Ng7 21. Rac1 Qf6 22. Rfd1 a6 23. Kg2 Re5 24. h4 Rf8 25. Rh1 Qe7 26. Qd2 Ne8 27. Rce1 Qg7 28. e4 Nf6 29. exf5 Rxf5 30. Re3 Nd7 31. Ne4 Ne5 32. Be2 b5 33. cxb5 axb5 34. axb5 Qb7 35. Rd1 h5 36. f4 Ng4 37. Bxg4 hxg4 38. Nxd6 Qxd5+ 39. Qxd5+ Rxd5 40. Rxd5 Nxd5 41. Re5 Nb6 42. Rxc5 Ra8 43. Rg5 Ra2+ 44. Kf1 Kh7 45. h5 1-0

[Event "Croatia int."]
[Site "Mississauga CAN"]
[Date "1989.??.??"]
[Round "8"]
[White "Bailey, Doug"]
[Black "Kovacevic, Vlatko"]
[Result "0-1"]
[WhiteElo "2355"]
[BlackElo "2545"]
[PlyCount "104"]
[GameId "2160767912519715"]
[EventDate "1989.03.??"]
[EventType "tourn"]
[EventRounds "11"]
[EventCountry "CAN"]
[EventCategory "8"]
[SourceTitle "EXT 89"]

1. e4 e6 2. d4 d5 3. Nc3 Nf6 4. Bg5 dxe4 5. Nxe4 Be7 6. Nxf6+ Bxf6 7. Bxf6 Qxf6 8. Nf3 O-O 9. Bd3 c5 10. dxc5 Qxb2 11. O-O Nd7 12. Ng5 h6 13. Ne4 Qe5 14. Rb1 f5 15. Nd6 Nxc5 16. Nb5 Bd7 17. Re1 Qf6 18. Bc4 Kh8 19. Qd6 Bxb5 20. Rxb5 b6 21. Rbb1 Rad8 22. Qe5 Qxe5 23. Rxe5 Rd2 24. Rc1 Rfd8 25. Kf1 Rd1+ 26. Rxd1 Rxd1+ 27. Ke2 Rd6 28. Re3 g5 29. Ke1 Kg7 30. Ra3 a5 31. Re3 f4 32. Re2 Kf6 33. Rd2 Rxd2 34. Kxd2 Ne4+ 35. Ke1 e5 36. f3 Nd6 37. Bd5 e4 38. fxe4 Ke5 39. Bc6 Nxe4 40. a4 Kd4 41. Ke2 Nd6 42. Bd7 Nc4 43. Bb5 Na3 44. Bd3 Kc3 45. Kf3 Nxc2 46. Be4 Nd4+ 47. Kg4 b5 48. axb5 Nxb5 49. Kh5 a4 50. Kxh6 a3 51. Bd5 g4 52. Kg5 f3 0-1

[Event "Croatia int."]
[Site "Mississauga CAN"]
[Date "1989.??.??"]
[Round "8"]
[White "Vranesic, Zvonko"]
[Black "Stone, Raymond"]
[Result "1-0"]
[WhiteElo "2365"]
[BlackElo "2345"]
[PlyCount "69"]
[GameId "2160767912519717"]
[EventDate "1989.03.??"]
[EventType "tourn"]
[EventRounds "11"]
[EventCountry "CAN"]
[EventCategory "8"]
[SourceTitle "EXT 89"]

1. d4 Nf6 2. c4 g6 3. f3 d5 4. cxd5 Nxd5 5. e4 Nb6 6. Be3 Bg7 7. Nc3 O-O 8. f4 Nc6 9. Nf3 Bg4 10. d5 Na5 11. Bd4 e5 12. Bxe5 Bxe5 13. fxe5 Re8 14. Qd4 Bxf3 15. gxf3 Nc6 16. Qf2 Nxe5 17. O-O-O Qe7 18. h4 Rad8 19. h5 c6 20. f4 Ng4 21. Qg3 Nf6 22. Bg2 cxd5 23. hxg6 fxg6 24. e5 Ne4 25. Bxe4 dxe4 26. Nxe4 Rxd1+ 27. Rxd1 Kg7 28. Nf6 Rc8+ 29. Kb1 Qe6 30. Rh1 Qf5+ 31. Ka1 h5 32. a3 Kh6 33. Qf3 Rc4 34. Qxb7 Qxf4 35. Qh7+ 1-0

[Event "Croatia int."]
[Site "Mississauga CAN"]
[Date "1989.??.??"]
[Round "9"]
[White "Hulak, Krunoslav"]
[Black "Vranesic, Zvonko"]
[Result "1-0"]
[WhiteElo "2515"]
[BlackElo "2365"]
[PlyCount "74"]
[GameId "2160767912519719"]
[EventDate "1989.03.??"]
[EventType "tourn"]
[EventRounds "11"]
[EventCountry "CAN"]
[EventCategory "8"]
[SourceTitle "EXT 89"]

1. Nf3 d5 2. d4 e6 3. g3 Nf6 4. Bg2 Be7 5. O-O O-O 6. c4 c6 7. Qc2 b6 8. Rd1 Bb7 9. b3 Nbd7 10. Nc3 Rc8 11. e4 Nxe4 12. Nxe4 dxe4 13. Qxe4 Nf6 14. Qc2 Qc7 15. Bf4 Bd6 16. Be5 Nd7 17. Ng5 g6 18. Bxd6 Qxd6 19. c5 Qe7 20. Ne4 Ba8 21. b4 Nf6 22. Nd6 Rc7 23. Qe2 Rd8 24. Qa6 Rcd7 25. Nc8 Qf8 26. Nxa7 bxc5 27. bxc5 Rxd4 28. Rxd4 Rxd4 29. Rc1 Qb8 30. Bxc6 Qb2 31. Rf1 Bxc6 32. Nxc6 Rd2 33. Qc8+ Kg7 34. Qc7 Ne4 35. Qf4 Nxc5 36. Ne5 Qxa2 37. Qxf7+ Kh6 1-0

[Event "Croatia int."]
[Site "Mississauga CAN"]
[Date "1989.??.??"]
[Round "10"]
[White "Vranesic, Zvonko"]
[Black "Bailey, Doug"]
[Result "1-0"]
[WhiteElo "2365"]
[BlackElo "2355"]
[PlyCount "89"]
[GameId "2160767912519723"]
[EventDate "1989.03.??"]
[EventType "tourn"]
[EventRounds "11"]
[EventCountry "CAN"]
[EventCategory "8"]
[SourceTitle "EXT 89"]

1. c4 Nf6 2. Nc3 d5 3. cxd5 Nxd5 4. g3 g6 5. Bg2 Be6 6. Nf3 Nxc3 7. bxc3 Bd5 8. O-O Bg7 9. Re1 c5 10. e4 Bc6 11. d4 b6 12. Qc2 Nd7 13. Bb2 Bb7 14. Rad1 O-O 15. d5 c4 16. Ba3 Rc8 17. Bh3 Nc5 18. Bxc8 Qxc8 19. Bxc5 Qxc5 20. Nd4 Bc8 21. Kg2 e5 22. Nc6 f5 23. f3 g5 24. Qf2 Qd6 25. Qe2 h5 26. Qxc4 a5 27. Rf1 Kh8 28. Rde1 f4 29. gxf4 Rxf4 30. Nxe5 Bh3+ 31. Kxh3 Bxe5 32. Kg2 Rh4 33. Qc8+ Kg7 34. h3 g4 35. fxg4 hxg4 36. Qf5 Bf6 37. Qe6 gxh3+ 38. Kh1 Qxe6 39. dxe6 Rh8 40. e5 Bg5 41. Rf3 Rh4 42. Rg1 Kh6 43. Rxg5 Kxg5 44. e7 Rh8 45. Rf8 1-0

[Event "Croatia int."]
[Site "Mississauga CAN"]
[Date "1989.??.??"]
[Round "11"]
[White "Kovacevic, Vlatko"]
[Black "Norwood, David"]
[Result "0-1"]
[WhiteElo "2545"]
[BlackElo "2430"]
[PlyCount "82"]
[GameId "2160767912519725"]
[EventDate "1989.03.??"]
[EventType "tourn"]
[EventRounds "11"]
[EventCountry "CAN"]
[EventCategory "8"]
[SourceTitle "EXT 89"]

1. d4 g6 2. c3 Bg7 3. Bg5 h6 4. Bh4 f5 5. e3 Nf6 6. Nd2 O-O 7. Bd3 d6 8. f4 Nc6 9. Ngf3 Qe8 10. Bxf6 Bxf6 11. d5 Nd8 12. O-O e5 13. fxe5 dxe5 14. e4 f4 15. Ne1 Nf7 16. Be2 h5 17. Nd3 Nh6 18. a4 Qe7 19. b4 g5 20. Bxh5 g4 21. Nc5 Qg7 22. Ne6 Bxe6 23. dxe6 Qg5 24. Bf7+ Nxf7 25. exf7+ Rxf7 26. Qb3 Kg7 27. Rf2 Qg6 28. Raf1 Rh8 29. Qe6 Rh5 30. h3 gxh3 31. Re2 Re7 32. Qc8 Bh4 33. Nf3 Qb6+ 34. Kh1 hxg2+ 35. Rxg2+ Bg3+ 36. Nh2 Kh7 37. Rd1 Qh6 38. Rdd2 Rg7 39. Qe8 Qg6 40. Rd8 Qxe8 41. Rxe8 f3 0-1

[Event "Eastern Ontario op"]
[Site "Ottawa CAN"]
[Date "1989.09.02"]
[Round "1"]
[White "Pacey, Kevin"]
[Black "Drulet, S."]
[Result "1-0"]
[WhiteElo "2305"]
[BlackElo "1950"]
[PlyCount "45"]
[GameId "2160767912502459"]
[EventDate "1989.09.02"]
[EventType "swiss"]
[EventRounds "6"]
[EventCountry "CAN"]
[SourceTitle "EXT 2022"]
[Source "ChessBase"]
[SourceDate "2021.10.06"]
[SourceVersion "1"]
[SourceVersionDate "2021.10.06"]
[SourceQuality "1"]

1. Nf3 Nf6 2. c4 c5 3. b3 b6 4. Bb2 Bb7 5. e3 e6 6. Nc3 Be7 7. d4 cxd4 8. exd4 d5 9. Be2 O-O 10. O-O Nbd7 11. Re1 Rc8 12. Bd3 Qc7 13. Ne5 Rfd8 14. cxd5 Nxe5 15. dxe5 Nxd5 16. Nb5 Qb8 17. Nd6 Rc7 18. Bxh7+ Kxh7 19. Qh5+ Kg8 20. Qxf7+ Kh8 21. Qxe6 Bxd6 22. exd6 Rcd7 23. Re4 1-0

[Event "Eastern Ontario op"]
[Site "Ottawa CAN"]
[Date "1989.09.03"]
[Round "3"]
[White "Pacey, Kevin"]
[Black "Southam, David"]
[Result "0-1"]
[WhiteElo "2305"]
[BlackElo "2328"]
[PlyCount "82"]
[GameId "2160767912502463"]
[EventDate "1989.09.02"]
[EventType "swiss"]
[EventRounds "6"]
[EventCountry "CAN"]
[SourceTitle "EXT 2022"]
[Source "ChessBase"]
[SourceDate "2021.10.06"]
[SourceVersion "1"]
[SourceVersionDate "2021.10.06"]
[SourceQuality "1"]

1. d4 Nf6 2. c4 g6 3. Nc3 Bg7 4. e4 d6 5. g3 O-O 6. Bg2 e5 7. d5 a5 8. Nge2 h5 9. f3 Na6 10. Be3 c6 11. O-O c5 12. Nc1 Nc7 13. Nd3 Bd7 14. Na4 b5 15. Nb6 Rb8 16. Nxd7 Qxd7 17. b3 a4 18. Rf2 Ra8 19. Rc1 axb3 20. axb3 bxc4 21. bxc4 Rfb8 22. Rb1 h4 23. Rxb8+ Rxb8 24. Rb2 Rxb2 25. Nxb2 hxg3 26. hxg3 Na6 27. Qb3 Nh5 28. Qb5 Qc8 29. Kh2 Nc7 30. Qc6 Qd8 31. Bh3 Bf8 32. Na4 Ng7 33. Nb6 Nce8 34. Bd7 Nf6 35. Bg5 Ng4+ 36. Bxg4 Qxg5 37. Qc8 Qd2+ 38. Kh3 Qh6+ 39. Kg2 Qd2+ 40. Kh3 Qc1 41. Kg2 Qb2+ 0-1

[Event "Eastern Ontario op"]
[Site "Ottawa CAN"]
[Date "1989.09.03"]
[Round "4"]
[White "Littke, Adam"]
[Black "Pacey, Kevin"]
[Result "1/2-1/2"]
[WhiteElo "2171"]
[BlackElo "2305"]
[PlyCount "75"]
[GameId "2160767912502465"]
[EventDate "1989.09.02"]
[EventType "swiss"]
[EventRounds "6"]
[EventCountry "CAN"]
[SourceTitle "EXT 2022"]
[Source "ChessBase"]
[SourceDate "2021.10.06"]
[SourceVersion "1"]
[SourceVersionDate "2021.10.06"]
[SourceQuality "1"]

1. d4 Nf6 2. c4 e6 3. Nf3 b6 4. a3 d5 5. Nc3 Be7 6. cxd5 exd5 7. g3 O-O 8. Bg2 Be6 9. O-O Nbd7 10. Ne5 Bd6 11. Bf4 Bxe5 12. dxe5 Nh5 13. Nxd5 c6 14. Nb4 Nxf4 15. gxf4 c5 16. Bxa8 Qxa8 17. Nc2 Bh3 18. f3 Bxf1 19. Qxf1 Qc6 20. Ne3 f6 21. exf6 Qxf6 22. Rd1 Qxf4 23. Nd5 Qe5 24. f4 Qe4 25. Qg2 Re8 26. Qxe4 Rxe4 27. Nc3 Re7 28. e4 Kf7 29. Kf2 c4 30. Kf3 Nc5 31. Rd4 Nd3 32. b4 Ne1+ 33. Ke2 Nc2 34. Rxc4 Nxa3 35. Rd4 Rc7 36. Kd3 a6 37. e5 Ke8 38. f5 1/2-1/2

[Event "Eastern Ontario op"]
[Site "Ottawa CAN"]
[Date "1989.09.04"]
[Round "5"]
[White "Winterton, Ken"]
[Black "Pacey, Kevin"]
[Result "1/2-1/2"]
[WhiteElo "2137"]
[BlackElo "2305"]
[PlyCount "88"]
[GameId "2160767912502467"]
[EventDate "1989.09.02"]
[EventType "swiss"]
[EventRounds "6"]
[EventCountry "CAN"]
[SourceTitle "EXT 2022"]
[Source "ChessBase"]
[SourceDate "2021.10.06"]
[SourceVersion "1"]
[SourceVersionDate "2021.10.06"]
[SourceQuality "1"]

1. e4 e6 2. d4 d5 3. Nd2 c5 4. exd5 exd5 5. Ngf3 Nc6 6. dxc5 Bxc5 7. Bd3 Nf6 8. O-O O-O 9. Nb3 Be7 10. c3 Bg4 11. h3 Bh5 12. Bf4 Re8 13. Re1 a5 14. Nbd4 Nxd4 15. cxd4 Qb6 16. Rc1 Bxf3 17. Qxf3 Qxd4 18. Bb5 Bb4 19. Red1 Re1+ 20. Rxe1 Bxe1 21. Rxe1 Qb4 22. Rd1 Qxb5 23. Be5 Ne4 24. Qg4 f6 25. Qe6+ Kh8 26. Bd4 Re8 27. Qg4 Qa4 28. b3 Qc6 29. Qf3 Qc2 30. Qd3 Qxa2 31. Be3 a4 32. Qb5 Ra8 33. bxa4 Nc3 34. Qxb7 Qxa4 35. Re1 Re8 36. Bd2 Ne2+ 37. Kh2 d4 38. Qf7 d3 39. g3 Rb8 40. Bh6 Rg8 41. Bxg7+ Rxg7 42. Qf8+ Rg8 43. Qxf6+ Rg7 44. Qf8+ Rg8 1/2-1/2

[Event "Eastern Ontario op"]
[Site "Ottawa CAN"]
[Date "1989.09.04"]
[Round "6"]
[White "Pacey, Kevin"]
[Black "Lebrun, Roger"]
[Result "1-0"]
[WhiteElo "2305"]
[BlackElo "2100"]
[PlyCount "109"]
[GameId "2160767912502468"]
[EventDate "1989.09.02"]
[EventType "swiss"]
[EventRounds "6"]
[EventCountry "CAN"]
[SourceTitle "EXT 2022"]
[Source "ChessBase"]
[SourceDate "2021.10.06"]
[SourceVersion "1"]
[SourceVersionDate "2021.10.06"]
[SourceQuality "1"]

1. e4 e5 2. Nf3 Nc6 3. Bc4 Nf6 4. Ng5 d5 5. exd5 Na5 6. Bb5+ Bd7 7. Qe2 Bd6 8. Bxd7+ Qxd7 9. Nc3 O-O 10. Nce4 Nxe4 11. Nxe4 f5 12. Nxd6 Qxd6 13. Qb5 b6 14. b4 a6 15. Qa4 Nc4 16. Qc6 Qxc6 17. dxc6 Rf6 18. d3 Nd6 19. Bb2 Nf7 20. O-O-O Rxc6 21. Rhe1 Re8 22. Re3 Rce6 23. Rde1 e4 24. g4 g6 25. gxf5 gxf5 26. dxe4 fxe4 27. f4 Nd6 28. Be5 Kf7 29. Rc3 R8e7 30. Rh3 h6 31. Rg1 Rg6 32. Rhg3 Rxg3 33. Rxg3 Ke6 34. Rg6+ Kd5 35. Rxh6 e3 36. Kd1 Nc4 37. Rh5 Ke4 38. Ke2 b5 39. Rh6 Rd7 40. Bc3 Rf7 41. Be1 Kxf4 42. Rxa6 Rg7 43. Bg3+ Ke4 44. Rf6 c6 45. a4 bxa4 46. Rxc6 Na3 47. Rc3 Nb1 48. Rxe3+ Kd5 49. Kd3 a3 50. c4+ Kc6 51. Re6+ Kb7 52. b5 a2 53. Ra6 Rd7+ 54. Kc2 Rd2+ 55. Kb3 1-0

[Event "Echec et Mat 1989.02.19"]
[Site "Montreal CAN"]
[Date "1989.02.19"]
[Round "1"]
[White "Charest, Johanne"]
[Black "Medawar, Jean-Marc"]
[Result "0-1"]
[WhiteElo "1343"]
[BlackElo "1385"]
[PlyCount "61"]
[GameId "2160767912519768"]
[EventDate "1989.02.19"]
[EventType "swiss"]
[EventRounds "4"]
[EventCountry "CAN"]

1. e4 e5 2. Bc4 Nc6 3. Nf3 Nf6 4. Ng5 d5 5. exd5 Na5 6. Bb5+ c6 7. dxc6 bxc6 8. Be2 h6 9. Nf3 e4 10. Ne5 Bd6 11. Nc4 Nxc4 12. Bxc4 Qc7 13. Nc3 O-O 14. Bf1 Bxh2 15. d3 Bg4 16. Be2 Bxe2 17. Nxe2 exd3 18. Qxd3 Rad8 19. Qh3 Qd6 20. Be3 Qb4+ 21. c3 Qxb2 22. Rc1 Bb8 23. Kf1 Rfe8 24. Nd4 c5 25. Ne2 Bf4 26. Re1 Bxe3 27. fxe3 Qd2 28. Nf4 Ne4 29. Ne2 Rd3 30. Qh4 Qxe3 31. Rh3 0-1

[Event "Echec et Mat 1989.02.19"]
[Site "Montreal CAN"]
[Date "1989.02.19"]
[Round "2"]
[White "Eliscott, Jacob"]
[Black "Charest, Johanne"]
[Result "0-1"]
[WhiteElo "1323"]
[BlackElo "1343"]
[PlyCount "74"]
[GameId "2160767912519769"]
[EventDate "1989.02.19"]
[EventType "swiss"]
[EventRounds "4"]
[EventCountry "CAN"]

1. e4 e5 2. Nf3 Nc6 3. Bc4 Bc5 4. c3 Nf6 5. d4 exd4 6. cxd4 Bb4+ 7. Nc3 Bxc3+ 8. bxc3 Nxe4 9. O-O O-O 10. Qc2 Nf6 11. Bg5 h6 12. Bh4 d6 13. Bd3 d5 14. Ne5 Qd6 15. Bxf6 Qxf6 16. Rfe1 Re8 17. Bh7+ Kf8 18. Ng6+ fxg6 19. Rxe8+ Kxe8 20. Re1+ Kf7 21. Re3 Bf5 22. Qb3 b6 23. Qxd5+ Be6 24. Qxc6 Re8 25. Rf3 Bf5 26. Bxg6+ Qxg6 27. Qxc7+ Kg8 28. h3 a5 29. Qf4 Bd7 30. Rg3 Qb1+ 31. Kh2 Re1 32. Qb8+ Kh7 33. Rf3 Rh1+ 34. Kg3 Qg6+ 35. Kf4 Qg5+ 36. Ke4 Re1+ 37. Re3 Qf5# 0-1

[Event "Echec et Mat 1989.02.19"]
[Site "Montreal CAN"]
[Date "1989.02.19"]
[Round "3"]
[White "Charest, Johanne"]
[Black "Lau, Jean-Cyril"]
[Result "1-0"]
[WhiteElo "1343"]
[BlackElo "1402"]
[PlyCount "79"]
[GameId "2160767912519770"]
[EventDate "1989.02.19"]
[EventType "swiss"]
[EventRounds "4"]
[EventCountry "CAN"]

1. e4 e5 2. Nf3 Nc6 3. Bc4 Bc5 4. c3 d6 5. d4 exd4 6. cxd4 Bb4+ 7. Bd2 Bxd2+ 8. Nbxd2 Nf6 9. O-O O-O 10. Re1 Re8 11. h3 h6 12. Rc1 Na5 13. Bf1 a6 14. d5 b5 15. b4 Nb7 16. Qc2 Re7 17. Nb3 Ne8 18. Nbd4 Bd7 19. Nh4 g6 20. Bd3 f5 21. exf5 Rxe1+ 22. Rxe1 Qxh4 23. Ne6 Bxe6 24. dxe6 gxf5 25. Bxf5 Qf6 26. Qe4 Ra7 27. e7 Kg7 28. Qg4+ Qg5 29. Qd4+ Kf7 30. Be6+ Kg6 31. Qxa7 Nd8 32. exd8=Q Qxd8 33. Qd4 Qg5 34. g4 h5 35. Bf5+ Kf7 36. Qd5+ Kf8 37. Qe6 Ng7 38. Qc8+ Kf7 39. Qxc7+ Kf6 40. Qd8+ 1-0

[Event "Echec et Mat 1989.03.12"]
[Site "Montreal CAN"]
[Date "1989.03.12"]
[Round "1"]
[White "Charest, Johanne"]
[Black "Lau, Jean-Cyril"]
[Result "1-0"]
[WhiteElo "1364"]
[BlackElo "1366"]
[PlyCount "53"]
[GameId "2160767912519611"]
[EventDate "1989.03.12"]
[EventType "swiss"]
[EventRounds "4"]
[EventCountry "CAN"]

1. e4 c5 2. Nf3 d6 3. d4 cxd4 4. Nxd4 g6 5. Be3 Bg7 6. c3 Nf6 7. Nd2 a6 8. h3 O-O 9. Be2 b5 10. Rb1 Bb7 11. Bd3 Nc6 12. N4f3 Rc8 13. O-O e6 14. Bc2 Qc7 15. Re1 Rfd8 16. Bg5 Re8 17. a3 h6 18. Be3 d5 19. exd5 Nxd5 20. Qe2 Rcd8 21. Rbd1 f5 22. Nb3 e5 23. Nc5 e4 24. Nxb7 Qxb7 25. Bb3 exf3 26. Qxf3 Ne5 27. Bxd5+ 1-0

[Event "Edmonton CC ch"]
[Site "Edmonton CAN"]
[Date "1989.??.??"]
[Round "?"]
[White "Hanchar, Fred"]
[Black "Coward, Don"]
[Result "1/2-1/2"]
[WhiteElo "1837"]
[BlackElo "1739"]
[PlyCount "56"]
[GameId "2160767912519891"]
[EventDate "1989.??.??"]
[EventType "swiss"]
[EventCountry "CAN"]
[SourceTitle "CFC 1989.04"]

1. e4 e6 2. d4 d5 3. Nd2 c5 4. Ngf3 cxd4 5. exd5 Qxd5 6. Bc4 Qd6 7. O-O Nf6 8. Re1 Nc6 9. Nb3 a6 10. Nbxd4 Nxd4 11. Nxd4 Qc7 12. Bb3 Bd6 13. h3 O-O 14. Bg5 Be5 15. c3 h6 16. Bh4 Rd8 17. Qf3 Bd7 18. Rad1 Re8 19. Qd3 g5 20. Bg3 Bxg3 21. fxg3 e5 22. Nf5 e4 23. Nxh6+ Kg7 24. Qd4 Qxg3 25. Qxd7 Kxh6 26. Qxf7 Rf8 27. Qxb7 Ng4 28. hxg4 Qf2+ 1/2-1/2

[Event "En Passant 1"]
[Site "Montreal CAN"]
[Date "1989.03.02"]
[Round "1"]
[White "Morin, Louis"]
[Black "Billard, Michel"]
[Result "1-0"]
[WhiteElo "1980"]
[BlackElo "1970"]
[PlyCount "91"]
[GameId "2160767912519628"]
[EventDate "1989.03.02"]
[EventType "tourn"]
[EventRounds "5"]
[EventCountry "CAN"]
[SourceTitle "hb 2013"]

1. e4 e5 2. Nf3 Nc6 3. Nc3 Bc5 4. Nxe5 Bxf2+ 5. Kxf2 Nxe5 6. d4 Ng6 7. Bc4 Qf6+ 8. Ke1 Nh6 9. g3 O-O 10. Nd5 Qc6 11. Bb3 d6 12. Bxh6 gxh6 13. Rf1 Kg7 14. Nf6 Bh3 15. Rf2 Rae8 16. Qf3 Kh8 17. Bd5 Qb6 18. c3 c6 19. Bb3 Re6 20. g4 Qd8 21. Bxe6 fxe6 22. Qxh3 Rxf6 23. Qg3 Qf8 24. Rxf6 Qxf6 25. Qxd6 Qf3 26. Qb8+ Kg7 27. Qxb7+ Kf6 28. Kd2 Nf4 29. e5+ Kg6 30. Kc2 Qe4+ 31. Kb3 Qd5+ 32. Ka4 Qc4+ 33. Qb4 Qa6+ 34. Kb3 Nd5 35. Qc5 Qb7+ 36. Kc2 Ne3+ 37. Kd3 Qxb2 38. Re1 Nd5 39. Rf1 Qg2 40. Qf8 Qh3+ 41. Rf3 Qxh2 42. Qf7+ Kg5 43. Qg7+ Kh4 44. Qxh6+ Kxg4 45. Qxh2 Kxf3 46. Qxh7 1-0

[Event "En Passant 1"]
[Site "Montreal CAN"]
[Date "1989.03.16"]
[Round "3"]
[White "Desforges, Jean"]
[Black "Morin, Louis"]
[Result "0-1"]
[WhiteElo "2020"]
[BlackElo "1980"]
[PlyCount "140"]
[GameId "2160767912519630"]
[EventDate "1989.03.02"]
[EventType "tourn"]
[EventRounds "5"]
[EventCountry "CAN"]
[SourceTitle "hb 2013"]

1. d4 d5 2. c4 e6 3. Nf3 c5 4. cxd5 exd5 5. g3 Nc6 6. Bg2 Nf6 7. O-O Be7 8. Nc3 O-O 9. Bg5 Be6 10. dxc5 Bxc5 11. Na4 Be7 12. Nd4 Nxd4 13. Qxd4 Qa5 14. Rfc1 Rfc8 15. Bd2 Qa6 16. e3 Rc4 17. Rxc4 dxc4 18. Nc5 Bxc5 19. Qxc5 Rc8 20. Qd4 b5 21. Bc3 Qb6 22. Qxb6 axb6 23. Rd1 h6 24. Rd6 Nd7 25. Bb7 Rc7 26. Bc6 Nc5 27. Bxb5 Ne4 28. Rxb6 Rc8 29. Rc6 Rd8 30. Bd4 Nd2 31. a4 Nf3+ 32. Kg2 Nxd4 33. exd4 Bd5+ 34. Kf1 Bxc6 35. Bxc6 Rxd4 36. Ke2 c3 37. bxc3 Rc4 38. Bb5 Rxc3 39. Kd2 Rf3 40. Ke2 Ra3 41. h4 Kf8 42. Kf1 Ke7 43. Kg2 Kd6 44. Be8 Ke5 45. Bb5 f5 46. h5 f4 47. gxf4+ Kxf4 48. Be8 Kg4 49. Kg1 Kh3 50. Bd7+ Kh4 51. Be8 Rd3 52. Kf1 Rd8 53. Bg6 Ra8 54. Bc2 Kxh5 55. Kg2 Kg4 56. Bb3 Ra7 57. Bc2 g5 58. Bd1+ Kf4 59. Bb3 h5 60. Bc2 h4 61. Bb3 g4 62. Bd1 Rd7 63. Bb3 Rd2 64. a5 g3 65. a6 Rxf2+ 66. Kg1 h3 67. Bc4 Rc2 68. Bf1 Rc1 69. a7 h2+ 70. Kg2 Rxf1 0-1

[Event "En Passant 1"]
[Site "Montreal CAN"]
[Date "1989.03.23"]
[Round "4"]
[White "Morin, Louis"]
[Black "Roy, Guy"]
[Result "1-0"]
[WhiteElo "1980"]
[BlackElo "1875"]
[PlyCount "113"]
[GameId "2160767912519631"]
[EventDate "1989.03.02"]
[EventType "tourn"]
[EventRounds "5"]
[EventCountry "CAN"]
[SourceTitle "hb 2013"]

1. e4 g5 2. d4 h6 3. Nc3 Bg7 4. Be3 d6 5. Qd2 Nf6 6. f3 c6 7. a4 Nbd7 8. Bc4 Qa5 9. Ba2 Nb6 10. Nge2 Be6 11. Bxe6 fxe6 12. b3 Nbd7 13. h4 g4 14. Nf4 Nf8 15. Nd3 Ng6 16. h5 Nxh5 17. b4 Qb6 18. a5 Qa6 19. Rxh5 Qc4 20. Ne2 gxf3 21. gxf3 Rf8 22. a6 e5 23. axb7 Rb8 24. Rxa7 Kd7 25. dxe5 Kc7 26. exd6+ exd6 27. b5 Rxf3 28. b6+ Kd7 29. Bxh6 Qf7 30. Rf5 Rxf5 31. exf5 Bxh6 32. Qxh6 Qxf5 33. Qh7+ Ne7 34. Qxf5+ Nxf5 35. Nb2 Ne7 36. Nc4 c5 37. Na5 d5 38. Ra8 Nc6 39. Nxc6 Rxb7 40. Ne5+ Kd6 41. Nd3 Rxb6 42. Rd8+ Kc6 43. Rc8+ Kd6 44. Rxc5 Rb1+ 45. Kd2 Rh1 46. Kc3 Rh3 47. Nef4 Rf3 48. Rxd5+ Kc6 49. Kd4 Rf1 50. Nb4+ Kb6 51. Nfd3 Rh1 52. c4 Rh4+ 53. Kc3 Rh3 54. c5+ Kb5 55. Rd6 Rh4 56. Kb3 Rg4 57. Rb6+ 1-0

[Event "En Passant 1"]
[Site "Montreal CAN"]
[Date "1989.03.30"]
[Round "5"]
[White "Lagasse, Pascal"]
[Black "Morin, Louis"]
[Result "1-0"]
[WhiteElo "1970"]
[BlackElo "1980"]
[PlyCount "105"]
[GameId "2160767912519632"]
[EventDate "1989.03.02"]
[EventType "tourn"]
[EventRounds "5"]
[EventCountry "CAN"]
[SourceTitle "hb 2013"]

1. e4 e5 2. Nf3 d6 3. d4 Nf6 4. dxe5 Nxe4 5. Qd5 Nc5 6. Bg5 Qd7 7. exd6 Bxd6 8. Nc3 O-O 9. O-O-O Nc6 10. Be3 b6 11. Bb5 Bb7 12. Bxc5 bxc5 13. Kb1 a6 14. Ba4 Rad8 15. Rhe1 Ba8 16. Qh5 g6 17. Qh6 f6 18. Ne4 Qg7 19. Qh3 Kh8 20. Nxd6 cxd6 21. Re6 Ne5 22. Rexd6 Rxd6 23. Rxd6 Nxf3 24. gxf3 Qe7 25. Qe6 Qxe6 26. Rxe6 Bxf3 27. Rxa6 Rd8 28. c3 Kg7 29. Ra7+ Kh6 30. Kc1 Rd5 31. Bb3 c4 32. Bxc4 Rd1+ 33. Kc2 Rh1 34. Bg8 Be4+ 35. Kd2 g5 36. Ke3 Bg6 37. a4 Rxh2 38. a5 Rh4 39. b4 Rh3+ 40. Kd2 Rd3+ 41. Ke2 Rxc3 42. b5 Rc8 43. Bd5 Rc2+ 44. Ke1 Rc1+ 45. Kd2 Rc2+ 46. Kd1 Rxf2 47. b6 Rb2 48. b7 Rb5 49. Ke2 Bh5+ 50. Ke3 f5 51. Ra6+ Kg7 52. Rb6 Rxd5 53. b8=Q 1-0

[Event "En Passant 2"]
[Site "Montreal CAN"]
[Date "1989.04.06"]
[Round "1"]
[White "Morin, Louis"]
[Black "Saint-Pierre, Benoit"]
[Result "0-1"]
[WhiteElo "1878"]
[BlackElo "1905"]
[PlyCount "96"]
[GameId "2160767912519563"]
[EventDate "1989.04.06"]
[EventType "tourn"]
[EventRounds "5"]
[EventCountry "CAN"]
[SourceTitle "hb 2013"]

1. e4 e6 2. d4 d5 3. e5 c5 4. Qg4 cxd4 5. Nf3 Nc6 6. Bd3 f5 7. Qg3 Qc7 8. O-O Bd7 9. a3 Nge7 10. b4 h6 11. h4 O-O-O 12. Re1 g6 13. Nbd2 Bg7 14. Nb3 Rdg8 15. Bd2 g5 16. hxg5 hxg5 17. Bxg5 Rh5 18. Bxe7 Nxe7 19. Nfxd4 Bf6 20. Qe3 f4 21. Qxf4 Rgh8 22. Kf1 Bxe5 23. Rxe5 Rxe5 24. g3 Reh5 25. Qxc7+ Kxc7 26. f4 e5 27. fxe5 Rxe5 28. Nf3 Reh5 29. Kf2 b5 30. Nbd4 a6 31. Re1 Kd6 32. Ra1 Rh1 33. Rxh1 Rxh1 34. Ng1 Ng8 35. Kg2 Rh5 36. Ngf3 Nf6 37. Nd2 Ng4 38. Nf1 Rh8 39. Be2 Ne5 40. Ne3 Rg8 41. Nb3 Nc4 42. Nxc4+ bxc4 43. Nc5 Bc8 44. c3 a5 45. Kf2 Rg7 46. Na4 axb4 47. axb4 Ra7 48. Nb2 Ra2 0-1

[Event "En Passant 2"]
[Site "Montreal CAN"]
[Date "1989.04.13"]
[Round "2"]
[White "Lagasse, Pascal"]
[Black "Morin, Louis"]
[Result "1-0"]
[WhiteElo "1970"]
[BlackElo "1878"]
[PlyCount "97"]
[GameId "2160767912519564"]
[EventDate "1989.04.06"]
[EventType "tourn"]
[EventRounds "5"]
[EventCountry "CAN"]
[SourceTitle "hb 2013"]

1. e4 e5 2. Nf3 d6 3. d4 Nf6 4. dxe5 Nxe4 5. Qd5 Nc5 6. Bg5 Be7 7. exd6 Qxd6 8. Nc3 Be6 9. Qxd6 Bxd6 10. O-O-O h6 11. Be3 a6 12. Nd4 Bd7 13. Bc4 O-O 14. Rhe1 Nc6 15. Bd5 Nxd4 16. Rxd4 Rab8 17. Rd2 Bf5 18. Bf3 Rfe8 19. Red1 Ne4 20. Nxe4 Bxe4 21. Bxe4 Rxe4 22. Rd4 Rbe8 23. h3 Rxd4 24. Rxd4 Bc5 25. Rd7 Bxe3+ 26. fxe3 Rc8 27. Kd2 Kf8 28. Kd3 Ke8 29. Rd4 Rd8 30. Ke4 Ke7 31. Ke5 f6+ 32. Kf5 Rxd4 33. exd4 Kf7 34. d5 g6+ 35. Ke4 Ke7 36. c4 Kd6 37. b4 b6 38. Kd4 Kd7 39. c5 b5 40. Ke4 Ke7 41. g4 Kd7 42. h4 Ke7 43. h5 gxh5 44. gxh5 Ke8 45. Kf5 Kf7 46. a3 Ke7 47. Kg6 c6 48. dxc6 Ke6 49. Kxh6 1-0